| 000 | 00685nam a22002057a 4500 | ||
|---|---|---|---|
| 999 |
_c162944 _d162944 |
||
| 005 | 20190325113616.0 | ||
| 008 | 190325b ||||| |||| 00| 0 eng d | ||
| 010 | _aENG-124924 | ||
| 020 |
_c499.00 _a9789380200682 |
||
| 035 | _aEN-108456 | ||
| 037 | _bDBAD/PUB | ||
| 040 |
_aDPL _bEnglish |
||
| 082 | _a332.024 | ||
| 100 | _aDesai, Nandish | ||
| 245 |
_a11 principles to achieve financial freedom/ _bby Nandish Desai; forwarded by Manish Chauhan |
||
| 260 |
_aNew Delhi _bNetwork18 Publications _c2010 |
||
| 270 |
_a507, Prabhat Kiran, 17, Rajendra Place, _bNew Delhi _e110 008 |
||
| 300 |
_a156p. : _c24cm (Hb) _bill. |
||
| 942 |
_adpl _cEN _2ddc _h332.024 _mDES |
||